<?xml version="1.0" encoding="UTF-8"?>
<marc:record xmlns:marc="http://www.loc.gov/MARC21/slim">
   <marc:leader>00000nam a2200000 a 4500</marc:leader>
   <marc:datafield ind1="1" ind2=" " tag="100">
      <marc:subfield code="a">Segel, Jason</marc:subfield>
   </marc:datafield>
   <marc:datafield ind1="1" ind2=" " tag="100">
      <marc:subfield code="a">Stoller, Nicholas</marc:subfield>
   </marc:datafield>
   <marc:datafield ind1="0" ind2="0" tag="245">
      <marc:subfield code="a">Fast verheiratet</marc:subfield>
   </marc:datafield>
   <marc:datafield ind1="0" ind2="0" tag="245">
      <marc:subfield code="c">Regie: Nicholas Stoller. Drehb.: Jason Segel ... Kamera: Javier Aguirresarobe. Musik: Michael Andrews. Darst.: Jason Segel ; Emily Blunt ; Rhys Ifans ...</marc:subfield>
   </marc:datafield>
   <marc:datafield ind1=" " ind2="1" tag="264">
      <marc:subfield code="a">Hamburg</marc:subfield>
      <marc:subfield code="b">Universal</marc:subfield>
      <marc:subfield code="c">2012</marc:subfield>
   </marc:datafield>
   <marc:datafield ind1="1" ind2=" " tag="520">
      <marc:subfield code="a">Gourmetkoch Tom und Studentin Violet treffen sich bei einer Silvesterparty in San Francisco, und genau ein Jahr später macht Tom ihr einen nervösen Heiratsantrag. Ihr zuliebe gibt er seine Stellung in einem In-Restaurant auf, und zieht mit ihr ins langweilig-frostige Michigan. Dies führt zu konstanten Verzögerungen, und fünf Jahre später sind sie immer noch nicht verheiratet. Die Beziehung und Toms Ego gelangen an einen Tiefpunkt, doch ihre Liebe überwindet alle Hindernisse.</marc:subfield>
   </marc:datafield>
   <marc:datafield ind1=" " ind2=" " tag="020">
      <marc:subfield code="a">5050582909739</marc:subfield>
      <marc:subfield code="9">5050582909739</marc:subfield>
   </marc:datafield>
   <marc:datafield ind1=" " ind2=" " tag="500">
      <marc:subfield code="a">Orig.: USA, 2011. - StO DVD Spielfilme Basis klein; StO DVD Bestseller FIF/Filme im Fokus</marc:subfield>
   </marc:datafield>
   <marc:datafield ind1="0" ind2=" " tag="490">
      <marc:subfield code="v">0</marc:subfield>
   </marc:datafield>
   <marc:datafield ind1=" " ind2=" " tag="300">
      <marc:subfield code="a">124 Min.</marc:subfield>
   </marc:datafield>
</marc:record>
